Информатика и информационные технологии: учебное пособие для вузов

Bibliografske podrobnosti
Korporativna značnica: Московская международная высшая школа бизнеса
Drugi avtorji: Романова Ю. Д. Юлия Дмитриевна (редактор), Лесничая И. Г. Ирина Георгиевна, Шестаков В. И. Владислав Иванович, Миссинг И. В. Игорь Витальевич, Музычкин П. А. Павел Арсенович
Izvleček:В настоящем учебном пособии изложены основы информатики и раскрыты технологии и инструменты сбора, обработки, хранения и поиска экономической информации с использованием современного понятийного и технологического аппарата. Рассмотрены вопросы, посвященные сетевым технологиям обработки информации. Содержание пособия, его структура и логика изложения соответствуют требованиям, предъявляемым государственным образовательным стандартом высшего профессионального образования. Учебное пособие предназначено для преподавателей и студентов вузов экономических специальностей, а также может быть полезным для практических работников и специалистов, занимающихся сбором и обработкой информации.
Jezik:ruščina
Izdano: Москва, Эксмо, 2008
Izdaja:3-е изд., перераб. и доп.
Serija:Высшее экономическое образование
Teme:
Format: Knjiga
KOHA link:https://koha.lib.tpu.ru/cgi-bin/koha/opac-detail.pl?biblionumber=144448

MARC

LEADER 00000nam0a2200000 4500
001 144448
005 20231101221109.0
010 |a 9785699229550 
035 |a (RuTPU)RU\TPU\book\156542 
035 |a RU\TPU\book\118977 
090 |a 144448 
100 |a 20081003d2008 m y0rusy50 ca 
101 0 |a rus 
102 |a RU 
105 |a a j 001zy 
200 1 |a Информатика и информационные технологии  |e учебное пособие для вузов  |f Ю. Д. Романова [и др.]  |g Московская международная высшая школа бизнеса ; под ред. Ю. Д. Романовой 
205 |a 3-е изд., перераб. и доп. 
210 |a Москва  |c Эксмо  |d 2008 
215 |a 592 с.  |c ил. 
225 1 |a Высшее экономическое образование 
320 |a Библиогр.: с. 574-575. 
330 |a В настоящем учебном пособии изложены основы информатики и раскрыты технологии и инструменты сбора, обработки, хранения и поиска экономической информации с использованием современного понятийного и технологического аппарата. Рассмотрены вопросы, посвященные сетевым технологиям обработки информации. Содержание пособия, его структура и логика изложения соответствуют требованиям, предъявляемым государственным образовательным стандартом высшего профессионального образования. Учебное пособие предназначено для преподавателей и студентов вузов экономических специальностей, а также может быть полезным для практических работников и специалистов, занимающихся сбором и обработкой информации. 
451 1 |0 (RuTPU)RU\TPU\book\118977  |y 5-699-12955-3  |t Информатика и информационные технологии  |o учебное пособие  |f И. Г. Лесничая [и др.]  |g Московская международная высшая школа бизнеса; под ред. Ю. Д. Романовой  |e 2-е изд.  |c М.  |n Эксмо  |d 2007  |p 544 с.  |s Высшее экономическое образование 
606 1 |a Информационные технологии  |x Применение в экономике  |2 stltpush  |3 (RuTPU)RU\TPU\subj\80751  |9 88352 
610 1 |a информатика 
610 1 |a информация 
610 1 |a информационные процессы 
610 1 |a технические средства 
610 1 |a программные средства 
610 1 |a персональные компьютеры 
610 1 |a функционирование 
610 1 |a системные программы 
610 1 |a программное обеспечение 
610 1 |a операционные среды 
610 1 |a Windows 
610 1 |a информационная защита 
610 1 |a архивация 
610 1 |a экономическая информация 
610 1 |a обработка данных 
610 1 |a финансово-экономическая деятельность 
610 1 |a компьютерные сети 
610 1 |a текстовая информация 
610 1 |a текстовые редакторы 
610 1 |a MS-Word 
610 1 |a MS Office 
610 1 |a табличные процессоры 
610 1 |a компьютерные презентации 
610 1 |a базы данных 
610 1 |a архитектура 
610 1 |a проектирование 
610 1 |a телекоммуникационные сети 
610 1 |a классификация 
610 1 |a Интернет 
610 1 |a навигация 
610 1 |a общение 
610 1 |a учебные пособия 
610 1 |a Web-сайты 
610 1 |a Microsoft Access 
610 1 |a Microsoft PowerPoint 
675 |a 681.3.01(075.8)  |v 3 
686 |a Ув6с51я73  |v LBC/SL-A  |2 rubbk 
701 1 |a Романова  |b Ю. Д.  |g Юлия Дмитриевна 
701 1 |a Лесничая  |b И. Г.  |g Ирина Георгиевна 
701 1 |a Шестаков  |b В. И.  |g Владислав Иванович 
701 1 |a Миссинг  |b И. В.  |g Игорь Витальевич 
701 1 |a Музычкин  |b П. А.  |g Павел Арсенович 
702 1 |a Романова  |b Ю. Д.  |g Юлия Дмитриевна  |4 340 
712 0 2 |a Московская международная высшая школа бизнеса  |2 stltpush  |3 (RuTPU)RU\TPU\col\3587  |9 23861 
801 1 |a RU  |b 63413507  |c 20070219  |g PSBO 
801 2 |a RU  |b 63413507  |c 20220826  |g PSBO 
900 |a Информатика 
900 |a Информационные технологии 
900 |a Информационные системы и технологии 
942 |c BK 
951 |a 521600  |b 080100 
959 |a 20/20070219  |d 1  |e 130,77  |f ЧЗТЛ:1